000 00770nam a22002177a 4500
999 _c6043
_d6043
003 AR-CdUCM
008 190313b ||||| |||| 00| 0 spa d
040 _aMUNICIPALIDAD PROVINCIAL DEL CUSCO
_cBIBLIOTECA MUNICIPAL DEL CUSCO
082 _a869.813 /
_bG96
100 _aGutiérrez, Carlos María
_917632
245 _aDiario del Cuartel /
260 _aLa Habana :
_bCasa de las Americas,
_c1970.
300 _a109 paginas ;
_c19 cm.
500 _aDonación de la familia Nieto
505 _aContenido: el extranjero -- Carro de la basura -- cuartel tomando -- Condiciones objetivas -- La praxis ...
650 _aLiteratura uruguaya
_915526
650 _aSiglo XX- Poesías
_917633
650 _aPoesías Uruguaya
_917634
942 _2ddc
_cLIBROS
945 _aAlvina